00425cam a2200169ua 45000010005000000080039000050400009000440410008000530820012000611000027000732450050001002500009001502600026001593000010001856530044001956530016002397904141230n ii |||gr||||Z||||||hin cMAIN ahin a891.431 aBhati, D. S.,eAuthor.1 aPant aur unka tarapadcBy Deshraj Singh Bhati a1st. aDelhi:bAshok,c2005. a352p. aEast Indo-European & Celtic literatures aHindi poems